| 000 | 00576nam a2200205 a 4500 | ||
|---|---|---|---|
| 001 | 83268 | ||
| 003 | BD-RjUL | ||
| 005 | 20240307152313.0 | ||
| 008 | 240307t19601959enk 000 0 eng d | ||
| 035 | _a(BD-RjUL)83268 | ||
| 040 |
_aNNL _beng _cBD-RjUL |
||
| 041 | _aeng | ||
| 082 |
_223 _a823 _bJOH 1960 |
||
| 100 | 1 |
_aJohnson, Pamela Hansford, _d1912-1981 _912136 |
|
| 245 | 1 | 4 |
_aThe humbler creation / _cby Pamela Hansford Johnson. |
| 260 |
_aLondon : _bMacmillan & co. ltd., _c1960, c1959. |
||
| 300 |
_a345 pages ; _c20 cm. |
||
| 650 | _aEnglish fiction | ||
| 942 |
_2ddc _cBK |
||
| 999 |
_c83268 _d83268 |
||